Cristiano Ronaldo's Trophies - Statistics

General Stats
  • This quiz has been taken 182 times
  • The average score is 15 of 30
Answer Stats
Answer % Correct
Champions League
97%
Premier League
94%
LaLiga
86%
UEFA EURO
82%
FA Cup
80%
Copa Del Rey
71%
Serie A
71%
Manchester United
67%
Ballon D'or
65%
Real Madrid
63%
Sporting CP
63%
Juventus
62%
Portugal
60%
Carling Cup
59%
FIFA Club World Cup
59%
Al-Nassr FC
53%
Coppa Italia
52%
FA Community Shield
51%
UEFA Nations League
49%
Supercopa de España
42%
UEFA Super Cup
37%
Supercoppa Italiana
28%
FIFA Puskás Award
18%
Player Of The Year
10%
Supertaça Cândido de Oliveira
10%
The Best FIFA Men's Player
8%
Footballer Of The Year England
6%
Footballer Of The Year Italy
6%
Footballer Of The Year Portugal
6%
UEFA Best Player In Europe
5%
No matching quizzes found
Score Distribution
Percent of People with Each Score
Percentile by Number Answered
Your Score History
You have not taken this quiz